| 000 | 00811cam a2200289 i 4500 | ||
|---|---|---|---|
| 001 | 15623 | ||
| 003 | DO-SdUEMH | ||
| 005 | 20251226175644.0 | ||
| 007 | ta | ||
| 008 | 211105s2014 dr |||gr|||| 000 0|spa|d | ||
| 020 | _a9789945452389 | ||
| 040 |
_aDO-SdUEMH _bspa _erda |
||
| 041 | _aspa | ||
| 082 | 1 | 4 |
_mRD _aRD 100.0202 R696M _bR696m |
| 084 | _b16-00270 | ||
| 100 |
_aRodríguez, Domingo Antonio _eaut |
||
| 245 | 1 | 0 |
_aManual didáctico de filosofía / _cDomingo Antonio Rodríguez |
| 250 | _aOctava edición | ||
| 260 | _c2014 | ||
| 264 | 0 | 1 |
_aSanto Domingo, República Dominicana : _bEl nuevo diario _c2014 |
| 300 |
_a125 paginas ; _c21 cm |
||
| 336 |
_2rdacontent _atexto _btxt |
||
| 337 |
_2rdamedia _asin mediación _bn |
||
| 338 |
_2rdacarrier _avolumen _bnc |
||
| 942 |
_2ddc _cBK _n0 |
||
| 999 |
_c15623 _d15623 |
||